000 01227cam a22003377a 4500
003 CHAP
005 20220329140434.0
008 971013s1975 r 00010 d
010 _a51947
011 _a52919
035 _a57069
040 _cCHAP
090 _aFolleto 4419
100 0 0 _aFernández y Fernández, Ramón.
_940322
245 0 _aAlgunas observaciones con respecto a la organización de productores agropecuarios
260 _aChapingo, Méx. :
_bENA. Colegio de Postgraduados. Centro de Economía Agrícola,
_c1975
300 _a14 h.
590 _aBATCH-UPD
_b10
_c20130110
_lUCH01
_h1046
590 _aBATCH-UPD
_b10
_c20130410
_lUCH01
_h0644
590 _aBATCH-UPD
_b10
_c20130914
_lUCH01
_h1852
590 _aCONVERSION
_b10
_c20130109
_lUCH01
_h1328
650 1 4 _aAgricultura
_xSociedades.
_91797
650 1 4 _aOrganización de productores.
_983544
650 1 4 _aProductos agrícolas
_xAspectos económicos
_zMéxico.
_991919
650 1 4 _aProductos animales
_xAspectos económicos.
_992041
700 0 _aChalita Tovar, Luis Eduardo.
_921752
901 _aBK
942 _cFOLL
949 _aFolleto 4419
_bBC
_cFOLL
_d-124312
_eTS1
_i57069
_si
949 _aFolleto 4419
_bBC
_cFOLL
_d-124313
_eTS2
_fc.2
_i57069
_si
999 _c51947
_d51947